Fortran IV For Computers (Record no. 217142)

MARC details
000 -LEADER
fixed length control field 00480nam a2200193Ia 4500
008 - FIXED-LENGTH DATA ELEMENTS--GENERAL INFORMATION
fixed length control field 240823s9999||||xx |||||||||||||| ||und||
082 ## - DEWEY DECIMAL CLASSIFICATION NUMBER
-- 005.133 N2 FOR
100 ## - MAIN ENTRY--PERSONAL NAME
Personal name Arora P N
245 #0 - TITLE STATEMENT
Title Fortran IV For Computers
250 ## - EDITION STATEMENT
Edition statement 2nd
260 ## - PUBLICATION, DISTRIBUTION, ETC. (IMPRINT)
Date of publication, distribution, etc 1992
Name of publisher, distributor, etc "S,Chand,New Delhi"
500 ## - GENERAL NOTE
General note Transfered
650 ## - SUBJECT ADDED ENTRY--TOPICAL TERM
Topical term or geographic name as entry element Programming Language
700 ## - ADDED ENTRY--PERSONAL NAME
Personal name Harjeet Singh
942 ## - ADDED ENTRY ELEMENTS (KOHA)
Item type Books
Holdings
Withdrawn status Lost status Damaged status Permanent location Current location Shelving location Date acquired Cost, normal purchase price Full call number Barcode Date last seen Koha item type
      CENTRAL LIBRARY, NOORUL ISLAM CENTRE FOR HIGHER EDUCATION CENTRAL LIBRARY, NOORUL ISLAM CENTRE FOR HIGHER EDUCATION   05/09/2003 30.00 005.133 N2 FOR 6669 08/23/2024 Books
Visitors:
Copyright © 2024 Central Library NICHE.  All rights reserved.